Fleurs coupées à stocker en chambre froide 2 - Statistiques

Statistiques générales
  • Ce quiz a été pris 15 fois
  • Le résultat moyen est 12 sur 22
Statistiques - réponses
Par images Réponse % Correct
Pavot
85%
Chrysanthème à grosses têtes
77%
Lilas
77%
Solidago
77%
Jacinthe
69%
Jonquille
69%
Mimosa
62%
Narcisse
62%
Chrysanthème à petites têtes
54%
Chrysanthemum hybride
54%
Solidago hybride
54%
Euphorbe des fleuristes
46%
Hyacinthus orientalis
46%
Narcissus hybride
46%
Prunus
46%
Acacia dealbata
38%
Asclépia
38%
Chrysanthemum hybride
38%
Narcissus pseudonarcissus
38%
Solidaster
38%
Boulestrier
31%
Forsythia
31%
Aucun quiz correspondant
Distribution des résultats
% des personnes avec chaque résultat
Percentile par nombre de réponses
Votre historique - résultats
Vous n’avez pas pris ce quiz